000 nam a22 7a 4500
999 _c7533
_d7533
008 170920b xxu||||| |||| 00| 0 eng d
100 _aAitchison Martin
_94058
245 _aLooking at Structures
250 _a14th edition
260 _aUSA
_bWorld Book House
_c1992